| 000 | 00681nam a2200217 a 4500 | ||
|---|---|---|---|
| 005 | 20210223123755.0 | ||
| 008 | 991125n 000 0 eng u | ||
| 035 | _aUPN01000062367 | ||
| 100 | 1 |
_aMadaus, George F. _929093 |
|
| 222 | _aHARVARD EDUCATIONAL REVIEW | ||
| 245 | _aA technological and historical consideration of equity issues associated with proposals to change the nation's testing policy | ||
| 260 | _aMassachusetts, EUA | ||
| 300 | _a76-95 | ||
| 362 | 0 | _a1994 Vol. 64, no. 1 feb. | |
| 653 | 0 | _aEVALUACION EDUCATIVA | |
| 653 | 0 | _aOPORTUNIDADES EDUCATIVAS | |
| 653 | 0 | _aTECNOLOGIA EDUCATIVA | |
| 653 | 0 | _aTESTS | |
| 904 |
_aAC _b000178 |
||
| 905 | _aArticulo | ||
| 999 |
_c61688 _d61688 |
||